| Tag |
First Indicator |
Second Indicator |
Subfields |
| LEADER |
00000cam a2200000 a 4500 |
| 001 |
in00000011794 |
| 005 |
20151007051709.0 |
| 008 |
861128s1987 caub b 00110beng |
| 010 |
|
|
|a 86062969
|
| 020 |
|
|
|a 0940777053 :
|c $22.95
|
| 035 |
|
|
|a (OCoLC)14967459
|
| 035 |
|
|
|9 AAA4340AM
|
| 040 |
|
|
|a DLC
|c DLC
|d m/c
|d TXA
|d UtOrBLW
|
| 043 |
|
|
|a a-ph---
|
| 049 |
|
|
|a TXAM
|c [A12644370]
|
| 050 |
0 |
0 |
|a DS686.6.M35
|b M4 1987
|
| 082 |
0 |
|
|a 959.9/046/0924
|a B
|2 19
|
| 100 |
1 |
|
|a McDougald, Charles C.,
|d 1940-
|
| 245 |
1 |
4 |
|a The Marcos file :
|b was he a Philippine hero or corrupt tyrant? /
|c Charles C. McDougald.
|
| 250 |
|
|
|a 1st ed.
|
| 264 |
|
1 |
|a San Francisco, CA :
|b San Francisco Publishers,
|c [1987]
|
| 264 |
|
4 |
|c ©1987
|
| 300 |
|
|
|a x, 345 pages :
|b maps ;
|c 24 cm.
|
| 336 |
|
|
|a text
|b txt
|2 rdacontent
|
| 337 |
|
|
|a unmediated
|b n
|2 rdamedia
|
| 338 |
|
|
|a volume
|b nc
|2 rdacarrier
|
| 504 |
|
|
|a Bibliography: pages [305]-330.
|
| 500 |
|
|
|a Includes index.
|
| 600 |
1 |
0 |
|a Marcos, Ferdinand E.
|q (Ferdinand Edralin),
|d 1917-1989.
|
| 651 |
|
0 |
|a Philippines
|x Politics and government.
|
| 651 |
|
0 |
|a Philippines
|x Presidents
|x Biography.
|
| 999 |
|
|
|a MARS
|
| 999 |
f |
f |
|s db3e32d8-9c64-35a3-aec6-fbeec45f123f
|i e44fd8d8-79bf-3a27-b468-9f43ff53cfbd
|t 0
|
| 952 |
f |
f |
|p normal
|a Texas A&M University
|b College Station
|c Sterling C. Evans Library
|d Evans: Library Stacks
|t 0
|e DS686.6.M35 M4 1987
|h Library of Congress classification
|i unmediated -- volume
|m A14812644370
|
| 998 |
f |
f |
|a DS686.6.M35 M4 1987
|t 0
|l Evans: Library Stacks
|